00333pab a2200133 454500008004000000100001800040245005100058260000900109300001300118362000800131650002800139650002000167773001200187180718b2002 xxu||||| |||| 00| 0 eng d aShekdar, A.V. aSolid waste management in India - future needs c2002 ap.76-82. aJan aWaste treatment - India aWaste treatment aShelter